| 000 | 00530nam a2200097Ia 4500 | ||
|---|---|---|---|
| 008 | 180130s9999 xx 000 0 und d | ||
| 245 |
_cAutran, Jean-Luc; Munteanu, Daniela; Gasiot, Gilles; Roche, Philippe _aComputational modeling and Monte Carlo simulation of soft errors in artificial intelligence and intelligent information systems |
||
| 260 | _c2015 | ||
| 300 | _aBook title: Artificial intelligence and integrated intelligent information systems--Acession number C20552; pages 1 - 32 | ||
| 650 | _aINTELLIGENT INFORMATION SYSTEMS | ||
| 999 |
_c353846 _d353846 |
||